Personnages de séries - F et G - Statistiques

Statistiques générales
  • Ce quiz a été pris 183 fois
  • Le résultat moyen est 6 sur 16
Statistiques - réponses
Par images Réponse % Correct
Ginny Miller
77%
Georgia Randolph
74%
Gabrielle Solis
63%
Fran Fine
62%
Fallon Carrington
48%
Guzmán Nunier Osuna
46%
Fiona Gallagher
39%
Frank Gallagher
38%
Fernando Sucre
36%
Gunther
33%
Finn Hudson
31%
Gérard Hazan
28%
Guenièvre
25%
Floki
17%
Francisco Gómez
16%
Fikile Bhele
3%
Aucun quiz correspondant
Distribution des résultats
% des personnes avec chaque résultat
Percentile par nombre de réponses
Votre historique - résultats
Vous n’avez pas pris ce quiz